000 00948nas a2200325 4500
001 BR2015006517
003 BR-BrBNA
005 20231205125918.0
007 ta
008 230509b bl.|||p| |||| 00| 00por d
040 _aBR-BrBNA
_bpor
_cBiblioteca Nacional de Agricultura
041 _a(En)
072 _aQ04
100 1 _aMello, R.
100 1 _aVaz, F.N.
100 1 _aPacheco, P.S.
100 1 _aPascoal, L.L.
100 1 _aPrestes, R.C.
100 1 _aCosta, P.B.
100 1 _aKipper, D.K.
245 1 _aPredictive efficiency of distinct color image segmentation methods for measuring intramuscular fat in beef
650 _aBOVINO
650 _aCARNE
650 _aPROCESSAMENTO
650 _aQUALIDADE
650 _aCOMPOSIÇÃO QUÍMICA
773 0 _tCiência Rural (Brazil)
_xISSN 0103-8478
_g(Oct 2015), v. 45(10) p. 1865-1871
_wBR2015006517
909 _a202311
_bLúcia
_c55
_dLúcia Elande
942 _2AGRIS
_n0
_cANA
999 _c246848
_d246848